| 000 | 01274cam a2200337 a 4500 | ||
|---|---|---|---|
| 001 | 2579139 | ||
| 005 | 20230320154221.0 | ||
| 008 | 960429s1996 cauab b 000 0 eng | ||
| 010 | _a 96018921 | ||
| 020 | _a0833023764 (alk. paper) | ||
| 040 |
_aDLC _cDLC _dDLC |
||
| 043 | _an-us--- | ||
| 050 | 0 | 0 |
_aUG743 _b.I83 1996 |
| 082 | 0 | 0 |
_a356.17 _220 _bISA |
| 088 | _aMR-737-AF | ||
| 100 | 1 |
_aIsaacson, Jeffrey A. _q(Jeffrey Alan), _d1960- _9110692 |
|
| 245 | 1 | 0 |
_aEstimation and prediction of ballistic missile trajectories / _cJeffrey A. Isaacson, David R. Vaughan. |
| 260 |
_aSanta Monica, CA : _bRAND, _c1996. |
||
| 300 |
_axxvii, 70 p. : _bill., maps ; _c23 cm. |
||
| 500 | _a"Prepared for the United States Air Force." | ||
| 500 | _a"Project Air Force." | ||
| 504 | _aIncludes bibliographical references (p. 69-70). | ||
| 650 | 0 |
_aBallistic missile defenses _zUnited States. _9110693 |
|
| 650 | 0 |
_aArtificial satellites. _975367 |
|
| 700 | 1 |
_aVaughan, David R., _d1935- _9110694 |
|
| 710 | 1 |
_aUnited States. _bAir Force. _9110695 |
|
| 710 | 2 |
_aProject Air Force (U.S.) _9110696 |
|
| 906 |
_a7 _bcbc _corignew _d1 _eocip _f19 _gy-gencatlg |
||
| 942 |
_2ddc _cBK |
||
| 999 |
_c593879 _d593879 |
||